00349nam a22001337a 4500008004100000020001800041041000800059080000800067100000700075101000800082245009600090942001200186999001700198181025b xxu||||| |||| 00| 0 eng d a9780691086774 aeng a321 a23 aPOL aGlobal Understanding Political The International Economuy Economic Order cGilpin.R 2udccBK c50934d50934